Statystyki dla CO JEST POTRZEBNE DO ZROBIENIA SZARLOTKI?

Kliknij tutaj aby rozwiązać quiz!

Ogólne statystyki

  • Ten quiz został rozwiązany 112 razy
  • Średni wynik to 6 z 7

Statystyki odpowiedzi

Odpowiedź% Poprawnych
MĄKA
98%
JABŁKA
96%
CUKIER
93%
JAJKA
87%
PROSZEK DO PIECZENIA
72%
MASŁO
67%
CYNAMON
59%

Rozkład punktacji

Percentyl według liczby udzielonych odpowiedzi

Procent ludzi z każdym wynikiem

Twoja historia wyników

Nie rozwiązałeś tego quizu